[Event "DEM U12w 2022"]
[Site "Willingen GER"]
[Date "2022.06.09"]
[Round "7"]
[White "Sickmann, Lisa"]
[Black "Kutz, Ida Klara"]
[Result "1-0"]
[Termination "normal"]
[Board "1"]
[WhiteElo "1660"]
[BlackElo "1327"]
[WhiteClock "00:53:28"]
[BlackClock "00:23:12"]
[PlyCount "127"]
[WhiteFideId "16267818"]
[BlackFideId "16296257"]
[EventCountry "GER"]
[EventRounds "9"]
[EventType "swiss"]
[EventDate "2022.06.04"]

1. e4 {[%clk 01:30:56]} {[%emt 00:00:04]} d6 {[%clk 01:30:45]} {[%emt
00:00:14]} 2. d4 {[%clk 01:31:13]} {[%emt 00:00:13]} Nf6 {[%clk 01:30:58]}
{[%emt 00:00:16]} 3. Nc3 {[%clk 01:31:32]} {[%emt 00:00:12]} g6 {[%clk
01:30:54]} {[%emt 00:00:34]} 4. Nf3 {[%clk 01:31:34]} {[%emt 00:00:29]} Bg7
{[%clk 01:30:35]} {[%emt 00:00:48]} 5. Be2 {[%clk 01:30:11]} {[%emt 00:01:53]}
O-O {[%clk 01:29:57]} {[%emt 00:01:08]} 6. O-O {[%clk 01:30:31]} {[%emt
00:00:11]} e5 {[%clk 01:28:12]} {[%emt 00:02:15]} 7. dxe5 {[%clk 01:10:30]}
{[%emt 00:20:30]} dxe5 {[%clk 01:25:52]} {[%emt 00:02:50]} 8. Bg5 {[%clk
01:01:56]} {[%emt 00:09:04]} Qxd1 {[%clk 01:22:51]} {[%emt 00:03:31]} 9. Raxd1
{[%clk 01:01:13]} {[%emt 00:01:13]} Nc6 {[%clk 01:10:00]} {[%emt 00:13:22]} 10.
Rd2 {[%clk 00:51:27]} {[%emt 00:10:15]} b6 {[%clk 01:07:44]} {[%emt 00:02:46]}
11. Rfd1 {[%clk 00:49:33]} {[%emt 00:02:23]} Bb7 {[%clk 00:53:33]} {[%emt
00:14:42]} 12. Bxf6 {[%clk 00:46:38]} {[%emt 00:03:25]} Bxf6 {[%clk 00:49:06]}
{[%emt 00:04:56]} 13. Rd7 {[%clk 00:46:38]} {[%emt 00:00:30]} Nd4 {[%clk
00:42:30]} {[%emt 00:07:07]} 14. Nxd4 {[%clk 00:45:17]} {[%emt 00:01:50]} exd4
{[%clk 00:40:17]} {[%emt 00:02:43]} 15. Nb5 {[%clk 00:30:26]} {[%emt 00:15:21]}
Bxe4 {[%clk 00:34:54]} {[%emt 00:05:54]} 16. Rxc7 {[%clk 00:25:53]} {[%emt
00:05:03]} Rac8 {[%clk 00:31:35]} {[%emt 00:03:49]} 17. Rxc8 {[%clk 00:26:00]}
{[%emt 00:00:23]} Rxc8 {[%clk 00:30:50]} {[%emt 00:01:16]} 18. Nd6 {[%clk
00:25:34]} {[%emt 00:00:55]} Rxc2 {[%clk 00:27:51]} {[%emt 00:03:29]} 19. Nxe4
{[%clk 00:25:51]} {[%emt 00:00:13]} Rxe2 {[%clk 00:26:59]} {[%emt 00:01:22]}
20. Nxf6+ {[%clk 00:26:03]} {[%emt 00:00:18]} Kg7 {[%clk 00:26:13]} {[%emt
00:01:16]} 21. Nd5 {[%clk 00:25:31]} {[%emt 00:01:03]} Rxb2 {[%clk 00:25:02]}
{[%emt 00:01:40]} 22. Ra1 {[%clk 00:24:53]} {[%emt 00:01:08]} d3 {[%clk
00:22:42]} {[%emt 00:02:51]} 23. g3 {[%clk 00:24:44]} {[%emt 00:00:39]} d2
{[%clk 00:21:34]} {[%emt 00:01:38]} 24. Ne3 {[%clk 00:25:02]} {[%emt 00:00:11]}
b5 {[%clk 00:20:21]} {[%emt 00:01:43]} 25. a3 {[%clk 00:25:05]} {[%emt
00:00:27]} b4 {[%clk 00:18:46]} {[%emt 00:02:05]} 26. axb4 {[%clk 00:25:20]}
{[%emt 00:00:15]} Rxb4 {[%clk 00:18:47]} {[%emt 00:00:29]} 27. Rd1 {[%clk
00:25:40]} {[%emt 00:00:10]} Rd4 {[%clk 00:17:06]} {[%emt 00:02:11]} 28. Nf1
{[%clk 00:26:02]} {[%emt 00:00:08]} a5 {[%clk 00:17:09]} {[%emt 00:00:27]} 29.
Rxd2 {[%clk 00:26:18]} {[%emt 00:00:14]} Rxd2 {[%clk 00:17:07]} {[%emt
00:00:32]} 30. Nxd2 {[%clk 00:26:39]} {[%emt 00:00:09]} a4 {[%clk 00:17:09]}
{[%emt 00:00:29]} 31. Kf1 {[%clk 00:26:57]} {[%emt 00:00:10]} a3 {[%clk
00:17:13]} {[%emt 00:00:27]} 32. Ke2 {[%clk 00:27:19]} {[%emt 00:00:08]} a2
{[%clk 00:17:19]} {[%emt 00:00:25]} 33. Nb3 {[%clk 00:27:34]} {[%emt 00:00:15]}
Kf6 {[%clk 00:17:16]} {[%emt 00:00:32]} 34. h3 {[%clk 00:24:32]} {[%emt
00:03:32]} Ke5 {[%clk 00:11:32]} {[%emt 00:06:16]} 35. Kd3 {[%clk 00:24:53]}
{[%emt 00:00:08]} h5 {[%clk 00:10:00]} {[%emt 00:02:02]} 36. f3 {[%clk
00:17:52]} {[%emt 00:07:31]} g5 {[%clk 00:09:32]} {[%emt 00:00:58]} 37. Ke3
{[%clk 00:18:06]} {[%emt 00:00:16]} f5 {[%clk 00:07:57]} {[%emt 00:02:06]} 38.
f4+ {[%clk 00:15:06]} {[%emt 00:03:29]} gxf4+ {[%clk 00:06:13]} {[%emt
00:02:15]} 39. gxf4+ {[%clk 00:15:29]} {[%emt 00:00:06]} Kd5 {[%clk 00:05:57]}
{[%emt 00:00:46]} 40. Kd3 {[%clk 00:15:00]} {[%emt 00:01:00]} h4 {[%clk
00:05:50]} {[%emt 00:00:36]} 41. Na1 {[%clk 00:15:26]} {[%emt 00:00:04]} Kc5
{[%clk 00:04:39]} {[%emt 00:01:42]} 42. Nc2 {[%clk 00:15:46]} {[%emt 00:00:09]}
Kb5 {[%clk 00:02:57]} {[%emt 00:02:13]} 43. Kd4 {[%clk 00:16:03]} {[%emt
00:00:12]} Ka4 {[%clk 00:02:37]} {[%emt 00:00:50]} 44. Kc3 {[%clk 00:16:20]}
{[%emt 00:00:13]} Kb5 {[%clk 00:01:55]} {[%emt 00:01:11]} 45. Kb2 {[%clk
00:16:12]} {[%emt 00:00:39]} Kc4 {[%clk 00:01:53]} {[%emt 00:00:32]} 46. Ne3+
{[%clk 00:16:27]} {[%emt 00:00:15]} Kd4 {[%clk 00:01:32]} {[%emt 00:00:52]} 47.
Nxf5+ {[%clk 00:16:52]} {[%emt 00:00:03]} Ke4 {[%clk 00:01:47]} {[%emt
00:00:15]} 48. Nxh4 {[%clk 00:17:16]} {[%emt 00:00:07]} Kxf4 {[%clk 00:01:42]}
{[%emt 00:00:36]} 49. Ng2+ {[%clk 00:17:40]} {[%emt 00:00:06]} Kg3 {[%clk
00:01:05]} {[%emt 00:01:06]} 50. h4 {[%clk 00:18:05]} {[%emt 00:00:04]} Kg4
{[%clk 00:01:21]} {[%emt 00:00:14]} 51. Kxa2 {[%clk 00:18:31]} {[%emt
00:00:05]} Kh5 {[%clk 00:01:39]} {[%emt 00:00:11]} 52. Kb3 {[%clk 00:18:57]}
{[%emt 00:00:05]} Kg4 {[%clk 00:01:52]} {[%emt 00:00:17]} 53. Kc4 {[%clk
00:19:23]} {[%emt 00:00:05]} Kh5 {[%clk 00:29:11]} {[%emt 00:03:10]} 54. Kd5
{[%clk 00:49:44]} {[%emt 00:00:09]} Kh6 {[%clk 00:26:49]} {[%emt 00:02:52]} 55.
Ke5 {[%clk 00:50:07]} {[%emt 00:00:06]} Kg6 {[%clk 00:26:06]} {[%emt 00:01:13]}
56. Nf4+ {[%clk 00:50:24]} {[%emt 00:00:14]} Kh6 {[%clk 00:26:15]} {[%emt
00:00:22]} 57. Kf5 {[%clk 00:50:49]} {[%emt 00:00:04]} Kg7 {[%clk 00:26:02]}
{[%emt 00:00:42]} 58. Kg5 {[%clk 00:51:14]} {[%emt 00:00:06]} Kh7 {[%clk
00:25:32]} {[%emt 00:01:00]} 59. h5 {[%clk 00:51:40]} {[%emt 00:00:04]} Kg7
{[%clk 00:25:23]} {[%emt 00:00:39]} 60. Ne6+ {[%clk 00:52:00]} {[%emt
00:00:10]} Kh7 {[%clk 00:24:47]} {[%emt 00:01:05]} 61. h6 {[%clk 00:52:26]}
{[%emt 00:00:05]} Kg8 {[%clk 00:23:03]} {[%emt 00:02:13]} 62. Kg6 {[%clk
00:52:51]} {[%emt 00:00:06]} Kh8 {[%clk 00:23:12]} {[%emt 00:00:19]} 63. Nd8
{[%clk 00:53:10]} {[%emt 00:00:13]} Kg8 {[%clk 00:23:12]} {[%emt 00:00:29]} 64.
h7+ {[%clk 00:53:28]} {[%emt 00:00:13]} 1-0

[Event "DEM U12w 2022"]
[Site "Willingen GER"]
[Date "2022.06.09"]
[Round "7"]
[White "Dodul, Alice"]
[Black "Trunz, Tamila"]
[Result "0-1"]
[Termination "normal"]
[Board "2"]
[WhiteElo "1329"]
[BlackElo "1474"]
[WhiteClock "00:19:15"]
[BlackClock "00:06:28"]
[PlyCount "68"]
[WhiteFideId "34623817"]
[BlackFideId "16267885"]
[EventCountry "GER"]
[EventRounds "9"]
[EventType "swiss"]
[EventDate "2022.06.04"]

1. d4 {[%clk 01:30:57]} {[%emt 00:00:03]} Nf6 {[%clk 01:30:48]} {[%emt
00:00:12]} 2. Nf3 {[%clk 01:31:13]} {[%emt 00:00:14]} e6 {[%clk 01:30:01]}
{[%emt 00:01:18]} 3. g3 {[%clk 01:31:13]} {[%emt 00:00:30]} b6 {[%clk
01:29:56]} {[%emt 00:00:35]} 4. Bg2 {[%clk 01:31:08]} {[%emt 00:00:34]} c6
{[%clk 01:29:41]} {[%emt 00:00:45]} 5. O-O {[%clk 01:31:04]} {[%emt 00:00:35]}
d5 {[%clk 01:29:07]} {[%emt 00:01:03]} 6. c4 {[%clk 01:30:48]} {[%emt
00:00:46]} Bd6 {[%clk 01:25:22]} {[%emt 00:04:15]} 7. Nbd2 {[%clk 01:29:22]}
{[%emt 00:01:56]} Bb7 {[%clk 01:21:15]} {[%emt 00:04:36]} 8. a3 {[%clk
01:26:41]} {[%emt 00:03:13]} a5 {[%clk 01:15:03]} {[%emt 00:06:42]} 9. Rb1
{[%clk 01:23:09]} {[%emt 00:04:02]} c5 {[%clk 01:12:44]} {[%emt 00:02:49]} 10.
e3 {[%clk 01:21:22]} {[%emt 00:02:16]} O-O {[%clk 01:09:36]} {[%emt 00:03:38]}
11. b3 {[%clk 01:18:55]} {[%emt 00:02:58]} Nbd7 {[%clk 01:07:41]} {[%emt
00:02:24]} 12. Bb2 {[%clk 01:17:33]} {[%emt 00:01:52]} Qc7 {[%clk 01:01:56]}
{[%emt 00:06:15]} 13. Qc2 {[%clk 01:16:01]} {[%emt 00:02:02]} Rfe8 {[%clk
00:59:35]} {[%emt 00:02:51]} 14. Rbc1 {[%clk 01:13:32]} {[%emt 00:03:00]} Rac8
{[%clk 00:58:32]} {[%emt 00:01:33]} 15. Rfd1 {[%clk 01:12:52]} {[%emt
00:01:10]} Qb8 {[%clk 00:55:11]} {[%emt 00:03:50]} 16. Qc3 {[%clk 01:06:17]}
{[%emt 00:07:04]} e5 {[%clk 00:48:54]} {[%emt 00:06:48]} 17. dxe5 {[%clk
01:04:12]} {[%emt 00:02:35]} Nxe5 {[%clk 00:45:40]} {[%emt 00:03:44]} 18. Qc2
{[%clk 01:00:49]} {[%emt 00:03:54]} dxc4 {[%clk 00:40:36]} {[%emt 00:05:33]}
19. bxc4 {[%clk 00:55:31]} {[%emt 00:05:48]} Qa8 {[%clk 00:30:45]} {[%emt
00:10:21]} 20. Bxe5 {[%clk 00:50:16]} {[%emt 00:05:45]} Bxe5 {[%clk 00:30:42]}
{[%emt 00:00:33]} 21. Nh4 {[%clk 00:48:36]} {[%emt 00:02:10]} Bxg2 {[%clk
00:26:41]} {[%emt 00:04:30]} 22. Nxg2 {[%clk 00:46:45]} {[%emt 00:02:22]} Rcd8
{[%clk 00:25:15]} {[%emt 00:01:56]} 23. Nb3 {[%clk 00:45:06]} {[%emt 00:02:09]}
Ne4 {[%clk 00:19:07]} {[%emt 00:06:38]} 24. Rd3 {[%clk 00:39:43]} {[%emt
00:05:54]} Rxd3 {[%clk 00:18:12]} {[%emt 00:01:24]} 25. Qxd3 {[%clk 00:39:07]}
{[%emt 00:01:06]} Rd8 {[%clk 00:16:28]} {[%emt 00:02:14]} 26. Qe2 {[%clk
00:34:36]} {[%emt 00:05:02]} a4 {[%clk 00:14:14]} {[%emt 00:02:44]} 27. Na1
{[%clk 00:30:55]} {[%emt 00:04:10]} Rd2 {[%clk 00:12:13]} {[%emt 00:02:31]} 28.
Qg4 {[%clk 00:28:03]} {[%emt 00:03:23]} Nxf2 {[%clk 00:10:20]} {[%emt
00:02:23]} 29. Qh4 {[%clk 00:25:19]} {[%emt 00:03:13]} Nd3 {[%clk 00:08:30]}
{[%emt 00:02:21]} 30. Qh3 {[%clk 00:23:58]} {[%emt 00:01:50]} Nxc1 {[%clk
00:06:28]} {[%emt 00:02:31]} 31. e4 {[%clk 00:22:28]} {[%emt 00:02:00]} Bd4+
{[%clk 00:06:27]} {[%emt 00:00:31]} 32. Kf1 {[%clk 00:20:40]} {[%emt 00:02:18]}
Rf2+ {[%clk 00:06:06]} {[%emt 00:00:50]} 33. Kg1 {[%clk 00:19:01]} {[%emt
00:02:10]} Ne2+ {[%clk 00:06:07]} {[%emt 00:00:29]} 34. Kh1 {[%clk 00:19:15]}
{[%emt 00:00:17]} Rf1# {[%clk 00:06:28]} {[%emt 00:00:08]} 0-1

[Event "DEM U12w 2022"]
[Site "Willingen GER"]
[Date "2022.06.09"]
[Round "7"]
[White "Bauer, Laura Sophie"]
[Black "Burlutskaia, Maria"]
[Result "1-0"]
[Termination "normal"]
[Board "3"]
[WhiteElo "1428"]
[BlackElo "1408"]
[WhiteClock "00:32:55"]
[BlackClock "00:12:14"]
[PlyCount "59"]
[WhiteFideId "16253647"]
[BlackFideId "34607137"]
[EventCountry "GER"]
[EventRounds "9"]
[EventType "swiss"]
[EventDate "2022.06.04"]

1. e4 {[%clk 01:30:57]} {[%emt 00:00:02]} e5 {[%clk 01:30:57]} {[%emt
00:00:03]} 2. Nf3 {[%clk 01:31:22]} {[%emt 00:00:05]} Nc6 {[%clk 01:31:24]}
{[%emt 00:00:04]} 3. d4 {[%clk 01:31:48]} {[%emt 00:00:04]} exd4 {[%clk
01:31:50]} {[%emt 00:00:04]} 4. Nxd4 {[%clk 01:32:12]} {[%emt 00:00:06]} Nf6
{[%clk 01:32:13]} {[%emt 00:00:07]} 5. Nxc6 {[%clk 01:32:31]} {[%emt 00:00:11]}
bxc6 {[%clk 01:32:36]} {[%emt 00:00:08]} 6. Bd3 {[%clk 01:32:52]} {[%emt
00:00:08]} d5 {[%clk 01:32:59]} {[%emt 00:00:07]} 7. exd5 {[%clk 01:33:09]}
{[%emt 00:00:13]} cxd5 {[%clk 01:33:24]} {[%emt 00:00:05]} 8. O-O {[%clk
01:33:27]} {[%emt 00:00:11]} Be7 {[%clk 01:32:06]} {[%emt 00:01:49]} 9. c4
{[%clk 01:33:47]} {[%emt 00:00:11]} c6 {[%clk 01:29:57]} {[%emt 00:02:38]} 10.
Bf4 {[%clk 01:27:03]} {[%emt 00:07:14]} Be6 {[%clk 01:27:10]} {[%emt 00:03:16]}
11. Qa4 {[%clk 01:21:28]} {[%emt 00:06:05]} O-O {[%clk 01:22:49]} {[%emt
00:04:52]} 12. Nd2 {[%clk 01:11:35]} {[%emt 00:10:24]} Nh5 {[%clk 01:15:40]}
{[%emt 00:07:39]} 13. cxd5 {[%clk 01:07:12]} {[%emt 00:04:53]} Nxf4 {[%clk
01:13:41]} {[%emt 00:02:29]} 14. Qxf4 {[%clk 01:04:20]} {[%emt 00:03:21]} Bxd5
{[%clk 01:10:36]} {[%emt 00:03:35]} 15. Nf3 {[%clk 00:57:09]} {[%emt 00:07:41]}
Bf6 {[%clk 01:05:55]} {[%emt 00:05:11]} 16. Rad1 {[%clk 00:44:21]} {[%emt
00:13:19]} Qa5 {[%clk 00:58:35]} {[%emt 00:07:49]} 17. Qf5 {[%clk 00:43:48]}
{[%emt 00:01:04]} g6 {[%clk 00:52:02]} {[%emt 00:07:03]} 18. Qxf6 {[%clk
00:44:11]} {[%emt 00:00:06]} Qxa2 {[%clk 00:51:09]} {[%emt 00:01:24]} 19. Ng5
{[%clk 00:39:31]} {[%emt 00:05:10]} Rab8 {[%clk 00:46:15]} {[%emt 00:05:24]}
20. Ra1 {[%clk 00:36:35]} {[%emt 00:03:26]} Qb3 {[%clk 00:44:30]} {[%emt
00:02:14]} 21. Be4 {[%clk 00:34:48]} {[%emt 00:02:17]} Qxb2 {[%clk 00:30:50]}
{[%emt 00:14:11]} 22. Qxb2 {[%clk 00:34:05]} {[%emt 00:01:13]} Rxb2 {[%clk
00:31:11]} {[%emt 00:00:09]} 23. Bxd5 {[%clk 00:34:18]} {[%emt 00:00:16]} cxd5
{[%clk 00:31:37]} {[%emt 00:00:05]} 24. Rxa7 {[%clk 00:34:35]} {[%emt
00:00:13]} Rd8 {[%clk 00:31:41]} {[%emt 00:00:26]} 25. Nxf7 {[%clk 00:34:31]}
{[%emt 00:00:33]} Rdb8 {[%clk 00:31:45]} {[%emt 00:00:26]} 26. h3 {[%clk
00:34:21]} {[%emt 00:00:40]} Rd2 {[%clk 00:27:29]} {[%emt 00:04:46]} 27. Rd7
{[%clk 00:33:56]} {[%emt 00:00:56]} d4 {[%clk 00:26:06]} {[%emt 00:01:53]} 28.
Ng5 {[%clk 00:34:14]} {[%emt 00:00:11]} Rb5 {[%clk 00:15:50]} {[%emt 00:10:45]}
29. Nf3 {[%clk 00:32:46]} {[%emt 00:01:59]} Rd3 {[%clk 00:12:14]} {[%emt
00:04:07]} 30. Ra1 {[%clk 00:32:55]} {[%emt 00:00:21]} 1-0

[Event "DEM U12w 2022"]
[Site "Willingen GER"]
[Date "2022.06.09"]
[Round "7"]
[White "Richter, Johanna"]
[Black "Vogt, Luna"]
[Result "1-0"]
[Termination "normal"]
[Board "4"]
[WhiteElo "1363"]
[BlackElo "1334"]
[WhiteClock "00:32:07"]
[BlackClock "00:21:36"]
[PlyCount "89"]
[WhiteFideId "16278925"]
[BlackFideId "34607153"]
[EventCountry "GER"]
[EventRounds "9"]
[EventType "swiss"]
[EventDate "2022.06.04"]

1. d4 {[%clk 01:30:59]} {[%emt 00:00:02]} Nf6 {[%clk 01:30:54]} {[%emt
00:00:06]} 2. c4 {[%clk 01:31:19]} {[%emt 00:00:09]} e6 {[%clk 01:31:08]}
{[%emt 00:00:16]} 3. g3 {[%clk 01:30:37]} {[%emt 00:01:12]} b6 {[%clk
01:18:35]} {[%emt 00:13:04]} 4. Bg2 {[%clk 01:30:13]} {[%emt 00:00:54]} d5
{[%clk 01:18:57]} {[%emt 00:00:08]} 5. Nf3 {[%clk 01:29:29]} {[%emt 00:01:13]}
Bb7 {[%clk 01:18:39]} {[%emt 00:00:48]} 6. O-O {[%clk 01:28:58]} {[%emt
00:01:02]} Be7 {[%clk 01:18:27]} {[%emt 00:00:42]} 7. Qc2 {[%clk 01:28:55]}
{[%emt 00:00:33]} O-O {[%clk 01:16:25]} {[%emt 00:02:32]} 8. e3 {[%clk
01:25:34]} {[%emt 00:03:50]} Ne4 {[%clk 01:14:32]} {[%emt 00:02:23]} 9. Nbd2
{[%clk 01:21:44]} {[%emt 00:04:20]} f5 {[%clk 01:11:16]} {[%emt 00:03:46]} 10.
b3 {[%clk 01:16:31]} {[%emt 00:05:44]} Nd7 {[%clk 01:09:31]} {[%emt 00:02:15]}
11. Bb2 {[%clk 01:15:06]} {[%emt 00:01:55]} Rc8 {[%clk 01:04:12]} {[%emt
00:05:49]} 12. Nxe4 {[%clk 00:54:02]} {[%emt 00:21:33]} fxe4 {[%clk 01:04:14]}
{[%emt 00:00:29]} 13. Nd2 {[%clk 00:54:25]} {[%emt 00:00:06]} Bg5 {[%clk
01:00:24]} {[%emt 00:04:19]} 14. Rfe1 {[%clk 00:50:41]} {[%emt 00:04:15]} c5
{[%clk 00:54:06]} {[%emt 00:06:49]} 15. Rac1 {[%clk 00:36:58]} {[%emt
00:14:13]} Rf7 {[%clk 00:52:06]} {[%emt 00:02:29]} 16. Qd1 {[%clk 00:29:29]}
{[%emt 00:07:50]} Nf6 {[%clk 00:47:53]} {[%emt 00:04:52]} 17. Bh3 {[%clk
00:23:34]} {[%emt 00:06:25]} Rc6 {[%clk 00:44:47]} {[%emt 00:03:36]} 18. dxc5
{[%clk 00:18:13]} {[%emt 00:05:52]} bxc5 {[%clk 00:44:04]} {[%emt 00:01:13]}
19. cxd5 {[%clk 00:15:39]} {[%emt 00:03:04]} exd5 {[%clk 00:43:31]} {[%emt
00:01:02]} 20. Nc4 {[%clk 00:15:48]} {[%emt 00:00:20]} Rf8 {[%clk 00:38:21]}
{[%emt 00:05:41]} 21. Ne5 {[%clk 00:10:47]} {[%emt 00:05:31]} Rc7 {[%clk
00:37:14]} {[%emt 00:01:38]} 22. Ba3 {[%clk 00:08:30]} {[%emt 00:02:47]} Re8
{[%clk 00:36:16]} {[%emt 00:01:27]} 23. Ng4 {[%clk 00:08:16]} {[%emt 00:00:44]}
Nxg4 {[%clk 00:32:58]} {[%emt 00:03:48]} 24. Bxg4 {[%clk 00:08:30]} {[%emt
00:00:15]} Qd6 {[%clk 00:31:58]} {[%emt 00:01:31]} 25. Qc2 {[%clk 00:07:18]}
{[%emt 00:01:43]} Be7 {[%clk 00:29:47]} {[%emt 00:02:41]} 26. Red1 {[%clk
00:06:29]} {[%emt 00:01:19]} Bf8 {[%clk 00:28:16]} {[%emt 00:02:01]} 27. Bb2
{[%clk 00:05:15]} {[%emt 00:01:43]} Qg6 {[%clk 00:26:36]} {[%emt 00:02:09]} 28.
Bh3 {[%clk 00:05:16]} {[%emt 00:00:30]} Qh5 {[%clk 00:23:23]} {[%emt 00:03:44]}
29. Bg2 {[%clk 00:04:54]} {[%emt 00:00:52]} Re6 {[%clk 00:19:39]} {[%emt
00:04:13]} 30. Re1 {[%emt 00:05:14]} Rh6 {[%clk 00:17:17]} 31. h4 {[%clk
00:03:00]} {[%emt 00:00:32]} Ba6 {[%clk 00:17:00]} {[%emt 00:00:48]} 32. Qd1
{[%clk 00:02:08]} {[%emt 00:01:21]} Qf5 {[%clk 00:16:18]} {[%emt 00:01:12]} 33.
g4 {[%clk 00:02:12]} {[%emt 00:00:27]} Qe6 {[%clk 00:13:08]} {[%emt 00:03:39]}
34. h5 {[%clk 00:02:08]} {[%emt 00:00:34]} g6 {[%clk 00:10:55]} {[%emt
00:02:44]} 35. Bh3 {[%clk 00:01:21]} {[%emt 00:01:17]} gxh5 {[%clk 00:07:15]}
{[%emt 00:04:09]} 36. g5 {[%clk 00:01:46]} {[%emt 00:00:06]} Qxh3 {[%clk
00:07:38]} {[%emt 00:00:06]} 37. gxh6 {[%clk 00:02:10]} {[%emt 00:00:07]} Rd7
{[%clk 00:04:47]} {[%emt 00:03:20]} 38. Be5 {[%clk 00:01:56]} {[%emt 00:00:44]}
Bxh6 {[%clk 00:03:53]} {[%emt 00:01:25]} 39. Rxc5 {[%clk 00:02:13]} {[%emt
00:00:12]} Rf7 {[%clk 00:02:33]} {[%emt 00:01:50]} 40. Rc6 {[%clk 00:01:59]}
{[%emt 00:00:44]} Rf3 {[%clk 00:00:57]} {[%emt 00:02:06]} 41. Qxd5+ {[%clk
00:02:03]} {[%emt 00:00:26]} Rf7 {[%clk 00:26:10]} {[%emt 00:05:17]} 42. Rxa6
{[%clk 00:31:46]} {[%emt 00:00:47]} Qg4+ {[%clk 00:25:19]} {[%emt 00:01:21]}
43. Bg3 {[%clk 00:31:53]} {[%emt 00:00:23]} h4 {[%clk 00:24:25]} {[%emt
00:01:23]} 44. Qd8+ {[%clk 00:32:08]} {[%emt 00:00:16]} Bf8 {[%clk 00:21:36]}
{[%emt 00:03:19]} 45. Qxh4 {[%clk 00:32:07]} {[%emt 00:00:30]} 1-0

[Event "DEM U12w 2022"]
[Site "Willingen GER"]
[Date "2022.06.09"]
[Round "7"]
[White "Huber, Laura"]
[Black "Wagner, Cosima"]
[Result "1/2-1/2"]
[Termination "normal"]
[Board "5"]
[WhiteElo "1340"]
[BlackElo "1362"]
[WhiteClock "00:18:46"]
[BlackClock "00:25:46"]
[PlyCount "43"]
[WhiteFideId "16270940"]
[BlackFideId "34603484"]
[EventCountry "GER"]
[EventRounds "9"]
[EventType "swiss"]
[EventDate "2022.06.04"]

1. e4 {[%clk 01:30:59]} {[%emt 04:18:41]} e5 {[%clk 01:30:53]} {[%emt
00:00:08]} 2. Nc3 {[%clk 01:31:24]} {[%emt 00:00:04]} Nf6 {[%clk 01:30:53]}
{[%emt 00:00:30]} 3. f4 {[%clk 01:31:42]} {[%emt 00:00:13]} d6 {[%clk
01:30:39]} {[%emt 00:00:43]} 4. Nf3 {[%clk 01:31:36]} {[%emt 00:00:35]} Nc6
{[%clk 01:30:23]} {[%emt 00:00:47]} 5. Bb5 {[%clk 01:29:47]} {[%emt 00:02:19]}
Bd7 {[%clk 01:26:16]} {[%emt 00:04:37]} 6. d3 {[%clk 01:20:58]} {[%emt
00:09:18]} exf4 {[%clk 01:21:37]} {[%emt 00:05:09]} 7. Bxf4 {[%clk 01:20:07]}
{[%emt 00:01:21]} a6 {[%clk 01:21:02]} {[%emt 00:01:06]} 8. Bxc6 {[%clk
01:19:47]} {[%emt 00:00:50]} Bxc6 {[%clk 01:21:24]} {[%emt 00:00:08]} 9. O-O
{[%clk 01:16:40]} {[%emt 00:03:37]} Be7 {[%clk 01:18:30]} {[%emt 00:03:24]} 10.
Qe1 {[%clk 01:06:53]} {[%emt 00:10:17]} O-O {[%clk 01:12:57]} {[%emt 00:06:03]}
11. Nd4 {[%clk 00:57:57]} {[%emt 00:09:26]} Bd7 {[%clk 01:10:09]} {[%emt
00:03:17]} 12. e5 {[%clk 00:51:19]} {[%emt 00:07:08]} dxe5 {[%clk 01:01:06]}
{[%emt 00:09:34]} 13. Bxe5 {[%clk 00:50:20]} {[%emt 00:01:29]} Re8 {[%clk
00:54:17]} {[%emt 00:07:19]} 14. Qg3 {[%clk 00:46:28]} {[%emt 00:04:22]} Nh5
{[%clk 00:40:40]} {[%emt 00:14:07]} 15. Qf3 {[%clk 00:40:50]} {[%emt 00:06:08]}
Bf6 {[%clk 00:38:17]} {[%emt 00:02:53]} 16. Bxf6 {[%clk 00:36:26]} {[%emt
00:04:53]} Qxf6 {[%clk 00:33:30]} {[%emt 00:05:17]} 17. Qxf6 {[%clk 00:28:08]}
{[%emt 00:08:48]} Nxf6 {[%clk 00:33:46]} {[%emt 00:00:14]} 18. h3 {[%clk
00:24:55]} {[%emt 00:03:45]} Rad8 {[%clk 00:28:36]} {[%emt 00:05:39]} 19. Nb3
{[%clk 00:24:20]} {[%emt 00:01:05]} Bc6 {[%clk 00:26:34]} {[%emt 00:02:32]} 20.
Na5 {[%clk 00:20:00]} {[%emt 00:04:49]} Rd6 {[%clk 00:25:26]} {[%emt 00:01:38]}
21. Nxc6 {[%clk 00:18:46]} {[%emt 00:01:45]} Rxc6 {[%clk 00:25:46]} {[%emt
00:00:10]} 22. Rae1 {[%emt 00:03:52]} 1/2-1/2